000
00215nam a2200109Ia 4500
100
_a
CARL HEYEL
942
_c
BK
245
_a
0RGANIZING YOUR JOB IN MANAGEMENT
260
_b
#N/A
546
_a
ENGLISH
999
_c
34670
_d
34670